Využití TRIZ/ARIZ při provádění hodnotové analýzy. 1.
Funkčné ideálne modelovanie a efektívnosť niektorých postupov na príklade technológie výroby trubkového ohrievača: zjednodušovanie technologického procesu, zoznam funkcií, návrh funkčne-ideálneho modelu a formulovanie požiadaviek na jeho prvky. Analýza súhrnného komplexu požiadaviek a formulovania ú...
Enregistré dans:
| Auteur principal: | |
|---|---|
| Autres auteurs: | , |
| Format: | Chapitre de livre |
| Langue: | tchèque |
| Sujets: | |
| Tags: |
Pas de tags, Soyez le premier à ajouter un tag!
|
MARC
| LEADER | 00000naa a2200000 4500 | ||
|---|---|---|---|
| 001 | r011238 | ||
| 005 | 20220831090722.2 | ||
| 041 | 0 | |a cze | |
| 044 | |a [CS] | ||
| 245 | 1 | 0 | |a Využití TRIZ/ARIZ při provádění hodnotové analýzy. 1. |c V. Dostál, V.M. Gerasimov, S.S. Litvin |
| 520 | |a Funkčné ideálne modelovanie a efektívnosť niektorých postupov na príklade technológie výroby trubkového ohrievača: zjednodušovanie technologického procesu, zoznam funkcií, návrh funkčne-ideálneho modelu a formulovanie požiadaviek na jeho prvky. Analýza súhrnného komplexu požiadaviek a formulovania úloh a predbežných návrhov na riešenie. Postup riešenia formulovaných úloh. | ||
| 610 | 2 | 0 | |a analýza hodnotová |
| 610 | 2 | 0 | |a vynálezy |
| 610 | 2 | 0 | |a práca tvorivá |
| 610 | 2 | 0 | |a modelovanie |
| 610 | 2 | 0 | |a proces výrobný |
| 610 | 2 | 0 | |a technológia výroby |
| 610 | 2 | 0 | |a TRIZ/ARIZ |
| 610 | 2 | 0 | |a metodika |
| 100 | 1 | |a Dostál, V. | |
| 700 | 1 | |a Gerasimov, V.M. | |
| 700 | 1 | |a Litvin, S.S. | |